<?xml version="1.0" encoding="UTF-8"?>
<collection xmlns="http://www.loc.gov/MARC21/slim">
  <record>
    <leader>00000nam  2200000   4500</leader>
    <controlfield tag="001">INLIS000000000001724</controlfield>
    <controlfield tag="005">20180724142938</controlfield>
    <controlfield tag="008">180724|||||||||   |   |||   |||| ||   | </controlfield>
    <datafield tag="035" ind1=" " ind2=" ">
      <subfield code="0">010-0718001724</subfield>
    </datafield>
    <datafield tag="041" ind1=" " ind2=" ">
      <subfield code="a">id</subfield>
    </datafield>
    <datafield tag="082" ind1=" " ind2=" ">
      <subfield code="a">R. 050</subfield>
    </datafield>
    <datafield tag="090" ind1=" " ind2=" ">
      <subfield code="a">R. 076 PIM I 2016</subfield>
    </datafield>
    <datafield tag="100" ind1=" " ind2=" ">
      <subfield code="a">Muller, Jeffrey Erlan</subfield>
    </datafield>
    <datafield tag="245" ind1=" " ind2=" ">
      <subfield code="a">Integrasi Sistem Evaluasi Kinerja Penyelenggaraan Pelayanan Publik Dalam Mendukung Reformasi Birokrasi</subfield>
    </datafield>
    <datafield tag="260" ind1=" " ind2=" ">
      <subfield code="a">Jakarta</subfield>
      <subfield code="b">LAN Jakarta</subfield>
      <subfield code="c">2016</subfield>
    </datafield>
    <datafield tag="300" ind1=" " ind2=" ">
      <subfield code="a">xvii, 161 hlm., Ilus, 30 cm</subfield>
    </datafield>
    <datafield tag="500" ind1=" " ind2=" ">
      <subfield code="a">Dengan telah ditetapkannya Undang-Undang dan Peraturan Pelaksanaan tentang Pelayanan Publik, diharapkan dapat memberi kejelasan hak dan kewajiban antara penyelenggara pelayanan publik dengan masyarakat penerima layanan, sehingga diharapkan dapat mewujudkan penyelenggaraan pelayanan public yang prima yang memenuhi asas-asas umum pemerintahan yang baik (good governance), dan terjaminnya kepastian hak dan kewajiban serta kepastian hukum dalam penyelenggaraan pelayanan publik.  Dalam rangka evaluasi kinerja penyelenggaraan pelayanan publik, maka perlu disusun integralisasi sistem evaluasi kinerja penyelenggaraan pelayanan publik.  Terdapat berbagai macam cara untuk melakukan evaluasi kinerja pelayanan publik.  Salah satu cara untuk mengukur kinerja penyelenggaraan pelayanan publik adalah melalui mekanisme survey.  Hasil survey menjadi titik masuk (entry point) dalam menilai kebijakan penyelenggaraan pelayanan publik.</subfield>
    </datafield>
    <datafield tag="650" ind1=" " ind2=" ">
      <subfield code="a">Evaluasi Kinerja</subfield>
    </datafield>
  </record>
</collection>
